| 000 | 00815nam a22002537a 4500 | ||
|---|---|---|---|
| 001 | 9860 | ||
| 003 | FISKH | ||
| 005 | 20260310085050.0 | ||
| 008 | 260310b cb ||||| |||| 00| 0 eng d | ||
| 040 |
_aFISKH _beng _cFISKH _dFISKH |
||
| 050 | _aPZ7 .M7628 | ||
| 082 | _a813 | ||
| 100 | _aMonson, Ann M. | ||
| 245 |
_aThe secret of Sanctuary island / _cAnn M. Monson |
||
| 260 |
_aNew York : _bLothrop, Lee & Shepard Books, _c1991. |
||
| 300 |
_a164 pages : _c22 cm |
||
| 505 | _aP | ||
| 520 | _aWhile still becoming accustomed to his father's remarriage, thirteen-year-old Todd and a friend set out to prove they observed a burglary no one believes happened. | ||
| 521 | 8 |
_a620
_bLexile |
|
| 521 | 8 |
_aP
_bRaz-Plus |
|
| 650 |
_aMystery _vJuvenile Literature |
||
| 942 |
_2ddc _cBK _n0 |
||
| 999 |
_c9860 _d9860 |
||